000 00472nam a2200169Ia 4500
008 090123s9999 xx 000 0 und d
082 _b952
100 _aराजाध्यक्ष विजया
245 _aटिंबे
250 _a1
300 _a167
600 _aराजाध्यक्ष विजया
630 _aटिंबे
700 _aराजाध्यक्ष विजया
730 _aटिंबे
942 _cBOOK
999 _c39039
_d39039